000 01682nam a2200409 c 4500
999 _c105491
_d105491
003 BLK
005 20231114102742.0
008 180409b bul|||||r ||||||| ||bul||
010 _aKNG00110714000
020 _a954-01-1383-4
020 _a9789540112831
040 _aBLK
041 _aBUL
_cBUL
080 _aПодвижни игри (сляпа баба, криеница и др.). Вж и 796.1
_b793.4
_x(035)
_z793.4(035)
080 _aИгри на маса. Умствени игри
_b794
_x(035)
_z794(035)
100 1 _aХоджис, Дай
_eпърви автор
_9310294
139 _aХоджис, Дай
245 1 0 _a[Петстотин и едно] 501 занимания за деца без телевизия
_cДай Ходжис; прев. Мая Калоферова.
257 _aAUS
260 _bПросвета
_c2002
_fПловдив : Нова Тимкомпакт
300 _a502 с.
_bс ил.
_c24 см
380 _a3
500 _aКор. загл. 501 занимания за деца ; Ориг. загл. 501 Activities for Kids TV-free / Di Hodges. - Офс. изд. - Съдържа и За авторката.
650 4 _aДетски игри - наръчници и ръководства
_9276609
650 4 _aПодвижни игри
_9270737
653 _aигри
653 _aнаръчници
653 _aръководства
700 1 _aКалоферова, Мая
_eпрев.
_9364126
852 _aЦб 217809
856 4 _qpdf
856 4 _qpdf
942 _cKNG
_n0
_s1
_011
944 _aCR
_c02.02.2004
_k30532
_lМира Стойчева
944 _aED
_c27.12.2007
999 _d105491